Il viola di Alex /

Enregistré dans:
Détails bibliographiques
Auteur principal: Rizza, Francesca
Format: Livre
Langue:anglais
Publié: [Roma] : Arduino Sacco, 2013
Tags: Ajouter un tag
Pas de tags, Soyez le premier à ajouter un tag!

MARC

LEADER 00000nam0a2200000 4500
001 593025
003 CLAVIS
005 20260219102409.0
008 260219b |||||||| |||| 00| 0 eng d
020 |a 9788863547986 
040 |c arcigay verona 
082 |2 21  |a 853.92 
100 |a Rizza, Francesca 
245 |a Il viola di Alex /  |c Francesca Rizza 
260 |a [Roma] :  |b Arduino Sacco,  |c 2013 
300 |a 269 p. ;  |c 21 cm 
500 |a Dopo essere passata per anni da un rapporto occasionale all'altro, cercando di crearsi una falsa identit s̉essuale, impostale brutalmente da societ ẻ famiglia, Alessandra s'imbatte in Daniel, un uomo che, oltre a svelarle una sfumatura a lei sconosciuta del colorato mondo del sesso, la aiuta a riscoprire se stessa. Una volta accettata la sua vera natura, la giovane incontrer V̉iola, della quale si innamorer p̉erdutamente, segnando una svolta decisiva nella vita della protagonista. Le due donne inizieranno una bizzarra relazione, sebbene il destino abbia in serbo qualcosa di diverso per entrambe. 
942 |2 ddc  |c BK  |n 0 
952 |0 0  |1 0  |2 ddc  |4 0  |6 853_920000000000000_RIZ_VIO  |7 0  |9 33083  |a VR  |b VR  |d 2026-02-19  |i 19  |l 0  |o 853.92 RIZ VIO  |p OBE-19  |r 2026-02-19 10:26:56  |w 2026-02-19  |y BK 
999 |c 28742  |d 28742